| 000 | 00396nam a2200169Ia 4500 | ||
|---|---|---|---|
| 008 | 230524s9999 xx 000 0 und d | ||
| 020 | _a9788170288794 | ||
| 082 | _bKAL | ||
| 100 | _aAPJ Abdul Kalam | ||
| 245 | 0 | _aIndomitable Spirit | |
| 250 | _a1 | ||
| 260 |
_aNew Delhi _bRajpai _c2015 |
||
| 300 | _a254p; | ||
| 500 | _aQuantity Number: 1 | ||
| 650 |
_aMisalliance _941779 |
||
| 942 | _cBK | ||
| 999 |
_c56212 _d56212 |
||